[Event "16th Asian Games Team Men"]
[Site "Guangzhou CHN"]
[Date "2010.11.22"]
[Round "5"]
[White "Golizadeh, Asghar"]
[Black "Zhou, Jianchao"]
[Result "0-1"]
[WhiteTitle "IM"]
[BlackTitle "GM"]
[WhiteElo "2508"]
[BlackElo "2669"]
[WhiteTeam "IRI"]
[BlackTeam "CHN"]
[WhiteFideId "12505269"]
[BlackFideId "8603537"]
[EventDate "2010.11.18"]

1. e4 c5 2. Nf3 d6 3. d4 cxd4 4. Nxd4 Nf6 5. Nc3 a6 6. h3 e6 7. g4 b5 8. Bg2 Bb7
9. O-O Nfd7 10. f4 Be7 11. f5 e5 12. Nde2 h5 13. Bf3 hxg4 14. hxg4 d5 15. Kg2 d4
16. Nd5 Nb6 17. Nxb6 Qxb6 18. c3 Nc6 19. cxd4 exd4 20. Bf4 Rd8 21. Rh1 Rxh1 22.
Qxh1 d3 23. Nc3 Qd4 24. Qg1 Bf6 25. Qxd4 Rxd4 26. Rd1 Be5 27. Be3 Rb4 28. Bc1
Rc4 29. Rxd3 Nb4 30. Rd2 Bf4 31. Rd1 Bxc1 32. Rxc1 Nd3 33. Rb1 b4 34. Nd5 Bxd5
35. exd5 Rc2+ 36. Kg3 Rxb2 37. Rxb2 Nxb2 38. Be2 a5 39. Kf4 a4 40. d6 a3 41. Bf3
b3 0-1

[Event "16th Asian Games Team Men"]
[Site "Guangzhou CHN"]
[Date "2010.11.22"]
[Round "5"]
[White "Gomez, John Paul"]
[Black "Ganguly, Surya Shekhar"]
[Result "0-1"]
[WhiteTitle "GM"]
[BlackTitle "GM"]
[WhiteElo "2522"]
[BlackElo "2644"]
[WhiteTeam "PHI"]
[BlackTeam "IND"]
[WhiteFideId "5201381"]
[BlackFideId "5002150"]
[EventDate "2010.11.18"]

1. e4 e6 2. d4 d5 3. Nd2 Nf6 4. e5 Nfd7 5. c3 c5 6. Bd3 Nc6 7. Ne2 cxd4 8. cxd4
f6 9. exf6 Nxf6 10. Nf3 Qc7 11. O-O Bd6 12. g3 O-O 13. Bf4 Bd7 14. Rc1 Ne4 15.
Ne5 Bxe5 16. Bxe5 Qb6 17. Nf4 Rad8 18. Bxe4 dxe4 19. Bd6 Rf7 20. b4 Qxd4 21. b5
Ne5 22. Qxd4 Nf3+ 23. Kg2 Nxd4 24. Rfd1 Nxb5 25. Be5 a6 26. Nxe6 Re8 27. Ng5
Rfe7 28. Bb2 Bc6 29. a4 Nc7 30. a5 h6 31. Nh3 e3+ 32. f3 g5 33. Rd4 Nb5 34. Rg4
Rd7 35. Nxg5 Rd2+ 0-1

[Event "16th Asian Games Team Men"]
[Site "Guangzhou CHN"]
[Date "2010.11.22"]
[Round "5"]
[White "Nguyen, Ngoc Truong Son"]
[Black "Samakov, Nurdin"]
[Result "0-1"]
[WhiteTitle "GM"]
[WhiteElo "2628"]
[BlackElo "2380"]
[WhiteTeam "VIE"]
[BlackTeam "KGZ"]
[WhiteFideId "12401110"]
[BlackFideId "13800345"]
[EventDate "2010.11.18"]

1. d4 Nf6 2. c4 g6 3. Nf3 Bg7 4. g3 O-O 5. Bg2 d6 6. O-O Nc6 7. Nc3 a6 8. b3 Rb8
9. Nd5 Nh5 10. Bb2 e6 11. Ne3 f5 12. Qd2 Ne7 13. Rac1 Bh6 14. d5 e5 15. c5 e4
16. cxd6 cxd6 17. Ne1 Nf6 18. f4 exf3 19. Bxf3 Rf7 20. N1g2 g5 21. Nc4 b5 22.
Na5 Qf8 23. e3 g4 24. Bxf6 Rxf6 25. Be2 Ng6 26. b4 Bd7 27. Rc7 Rf7 28. Nc6 Re8
29. Ra7 Ra8 30. Rxa8 Qxa8 31. Rc1 Ne7 32. Nf4 Qe8 33. Kf2 Ng6 34. Qd4 Bg7 35.
Qb6 Nxf4 36. exf4 Qe4 37. Qe3 Qxe3+ 38. Kxe3 Rf8 39. Kd3 Re8 40. Rh1 Bf6 41. h3
gxh3 42. Rxh3 Kg7 43. Rh1 h6 44. Bf3 Kh7 45. Nd4 Rc8 46. Nc6 Rg8 47. Rh3 Re8 48.
Kd2 Bb2 49. Rh1 Rg8 50. Rg1 Bf6 51. Bh5 Bh4 52. Bf7 Rxg3 53. Rh1 Bf6 54. Be6 Rg7
55. Ke2 Bc3 56. Rh3 Bf6 57. Kd3 Bxe6 58. dxe6 Rc7 59. Nd4 Rc4 60. Ne2 Re4 61.
Ng3 Rxf4 62. Nh5 Rd4+ 63. Ke3 Re4+ 64. Kf3 Bg5 65. Ng3 Re3+ 66. Kg2 Kg6 67. Nxf5
Rxh3 68. e7 Bxe7 0-1

[Event "16th Asian Games Team Men"]
[Site "Guangzhou CHN"]
[Date "2010.11.22"]
[Round "5"]
[White "Akylbekov, Nasyr"]
[Black "Cao, Sang"]
[Result "1-0"]
[BlackTitle "GM"]
[WhiteElo "2376"]
[BlackElo "2547"]
[WhiteTeam "KGZ"]
[BlackTeam "VIE"]
[WhiteFideId "13800353"]
[BlackFideId "725056"]
[EventDate "2010.11.18"]

1. e4 e6 2. Nc3 d5 3. d4 Bb4 4. a3 Bxc3+ 5. bxc3 dxe4 6. Qg4 Nf6 7. Qxg7 Rg8 8.
Qh6 Nbd7 9. Ne2 b6 10. Bb2 Bb7 11. h3 Qe7 12. O-O-O O-O-O 13. c4 Ne8 14. Qe3 Nd6
15. Qc3 c5 16. d5 exd5 17. cxd5 Rg5 18. Nf4 Rf5 19. g3 Nf6 20. Be2 Kb8 21. Bg4
Nxd5 22. Nxd5 Rxd5 23. Rxd5 Bxd5 24. Qf6 Qf8 25. Rd1 Nc4 26. Qf4+ Qd6 27. Bf6
Qxf4+ 28. gxf4 Re8 29. Rxd5 e3 30. Be5+ Nxe5 31. Rxe5 Rxe5 32. fxe5 exf2 33. Be2
Kc7 34. Kd2 Kc6 35. c4 Kd7 36. Bg4+ Kc6 37. Ke2 b5 38. Bf3+ Kb6 39. cxb5 c4 40.
Kxf2 Kxb5 41. Ke3 Kc5 42. Ke4 h6 43. Bd1 a6 44. Bc2 a5 45. Ba4 1-0

[Event "16th Asian Games Team Men"]
[Site "Guangzhou CHN"]
[Date "2010.11.22"]
[Round "5"]
[White "Nguyen, Huynh Minh Huy"]
[Black "Tologontegin, Semetey"]
[Result "1/2-1/2"]
[WhiteTitle "IM"]
[BlackTitle "FM"]
[WhiteElo "2459"]
[BlackElo "2330"]
[WhiteTeam "VIE"]
[BlackTeam "KGZ"]
[WhiteFideId "12401269"]
[BlackFideId "13800574"]
[EventDate "2010.11.18"]

1. d4 Nf6 2. c4 e6 3. g3 d5 4. Nf3 Bb4+ 5. Bd2 Be7 6. Bg2 O-O 7. O-O c6 8. Bf4
Nbd7 9. Qc2 a5 10. b3 b5 11. Nbd2 bxc4 12. bxc4 c5 13. dxc5 Nxc5 14. Be3 Ba6 15.
cxd5 Rc8 16. dxe6 Nxe6 17. Qb3 Bxe2 18. Rfe1 Rb8 19. Qc2 Bd3 20. Qd1 Ng4 21. Ba7
Ra8 22. Nd4 Nxf2 23. Nxe6 Nxd1 24. Nxd8 Rxa7 25. Nb7 Rxb7 26. Bxb7 Bc5+ 27. Kh1
Nf2+ 28. Kg2 Bd4 29. Rac1 Bf5 1/2-1/2

[Event "16th Asian Games Team Men"]
[Site "Guangzhou CHN"]
[Date "2010.11.22"]
[Round "5"]
[Black "Filippov, Anton UZB"]
[White "Sadvakasov, Darmen"]
[Result "1/2-1/2"]
[WhiteTitle "GM"]
[BlackTitle "GM"]
[WhiteElo "2627"]
[BlackElo "2620"]
[WhiteTeam "KAZ"]
[BlackTeam "UZB"]
[WhiteFideId "13700464"]
[BlackFideId "14200988"]
[EventDate "2010.11.18"]

1. c4 e5 2. Nc3 Nf6 3. g3 Bb4 4. Bg2 O-O 5. Nf3 Re8 6. O-O h6 7. d3 c6 8. e4 d5
9. cxd5 cxd5 10. Nxd5 Nxd5 11. exd5 Qxd5 12. Be3 Nc6 13. Nd4 Qd6 14. Nxc6 bxc6
15. Rc1 Bd7 16. Qc2 Rec8 17. Bc5 Bxc5 18. Qxc5 Qxc5 19. Rxc5 Rab8 20. b3 Rb5 21.
Rfc1 Rxc5 22. Rxc5 f6 23. Kf1 Kf7 24. Ke2 Ke7 25. b4 Kd6 26. a3 Rb8 27. Ke3 Rb5
28. d4 exd4+ 29. Kxd4 Rxc5 30. bxc5+ Ke7 31. f4 1/2-1/2

[Event "16th Asian Games Team Men"]
[Site "Guangzhou CHN"]
[Date "2010.11.22"]
[Round "5"]
[White "Khusnutdinov, Rustam"]
[Black "Khamrakulov, Dzhurabek"]
[Result "1-0"]
[WhiteTitle "GM"]
[BlackTitle "IM"]
[WhiteElo "2524"]
[BlackElo "2482"]
[WhiteTeam "KAZ"]
[BlackTeam "UZB"]
[WhiteFideId "13701703"]
[BlackFideId "14201143"]
[EventDate "2010.11.18"]

1. e4 c6 2. d4 d5 3. Nd2 dxe4 4. Nxe4 Bf5 5. Ng3 Bg6 6. h4 h6 7. Nf3 Nd7 8. h5
Bh7 9. Bd3 Bxd3 10. Qxd3 e6 11. Bd2 Ngf6 12. O-O-O Be7 13. Ne4 Nxe4 14. Qxe4 Nf6
15. Qd3 O-O 16. g4 Nxg4 17. Rhg1 f5 18. Qe2 Bf6 19. Qxe6+ Kh8 20. Bb4 Qc8 21.
Qb3 Re8 22. Ne5 Nxe5 23. dxe5 Bxe5 24. Qf7 Qe6 25. Rd7 Qxf7 26. Rxf7 b6 27. Bc3
Bxc3 28. bxc3 Rg8 29. Rg6 c5 30. a4 f4 31. f3 Rae8 32. Rxa7 Re3 33. Rxb6 Rxf3
34. Rf7 Rf1+ 35. Kb2 f3 36. Rb5 Rc8 37. a5 f2 38. a6 Kg8 39. Rbb7 Rc6 40. Rxg7+
Kh8 41. Rgf7 Rg1 42. a7 Kg8 1-0

[Event "16th Asian Games Team Men"]
[Site "Guangzhou CHN"]
[Date "2010.11.22"]
[Round "5"]
[White "Murshed, Niaz"]
[Black "Al-Modiahki, Mohamad"]
[Result "0-1"]
[WhiteTitle "GM"]
[BlackTitle "GM"]
[WhiteElo "2429"]
[BlackElo "2562"]
[WhiteTeam "BAN"]
[BlackTeam "QAT"]
[WhiteFideId "10200010"]
[BlackFideId "12100030"]
[EventDate "2010.11.18"]

1. Nf3 g6 2. d4 Nf6 3. Bg5 Ne4 4. Bf4 Bg7 5. Nbd2 d5 6. e3 O-O 7. Bd3 Nxd2 8.
Qxd2 c5 9. h4 c4 10. Be2 Nd7 11. Ne5 Nf6 12. Bf3 Qb6 13. b3 cxb3 14. axb3 Bf5
15. O-O Rfc8 16. Rfc1 h5 17. Nd3 Ne4 18. Bxe4 dxe4 19. Nb2 Qd8 20. Bg3 e5 21. d5
g5 22. Nc4 b5 23. Nxe5 gxh4 24. Bf4 f6 25. Nf3 exf3 26. gxf3 a5 27. e4 Bh7 28.
Kh2 Kh8 29. c4 bxc4 30. bxc4 Bf8 31. e5 Bb4 32. Qb2 Rab8 33. exf6 Bd6 34. Qd4
Qb6 35. c5 Qb2 36. Qe3 Bxf4+ 37. Qxf4 Qxf2+ 38. Kh1 Rb4 39. Qh2 Qxf3+ 40. Qg2
Be4 41. Qxf3 Bxf3+ 42. Kh2 Bxd5 43. Rxa5 Rb2+ 44. Kh3 Rg8 45. Ra4 0-1

[Event "16th Asian Games Team Men"]
[Site "Guangzhou CHN"]
[Date "2010.11.22"]
[Round "5"]
[White "Al-Sayed, Mohammed"]
[Black "Minhazuddin, Ahmed"]
[Result "0-1"]
[WhiteTitle "GM"]
[BlackTitle "FM"]
[WhiteElo "2502"]
[BlackElo "2350"]
[WhiteTeam "QAT"]
[BlackTeam "BAN"]
[WhiteFideId "12100196"]
[BlackFideId "10201955"]
[EventDate "2010.11.18"]

1. d4 Nf6 2. c4 e6 3. Nc3 Bb4 4. Qc2 O-O 5. a3 Bxc3+ 6. Qxc3 d5 7. Bg5 c5 8.
dxc5 d4 9. Qg3 Ne4 10. Bxd8 Nxg3 11. hxg3 Rxd8 12. O-O-O Nc6 13. Nf3 e5 14. e3
Bg4 15. Be2 dxe3 16. fxe3 e4 17. Nd4 Rxd4 18. Rxd4 Bxe2 19. Rd7 Rb8 20. b3 Bg4
21. Rc7 h6 22. Kc2 Kf8 23. Kc3 Rd8 24. Kc2 Rd3 25. Re1 Na5 26. c6 bxc6 27. Rxa7
Nxb3 28. Rb1 g6 29. a4 Rxe3 30. a5 Nd4+ 31. Kb2 Rb3+ 32. Ka2 Rxb1 33. Kxb1 e3 0-1

[Event "16th Asian Games Team Men"]
[Site "Guangzhou CHN"]
[Date "2010.11.22"]
[Round "5"]
[White "Rahman, Ziaur"]
[Black "Nezad, Husein Aziz"]
[Result "0-1"]
[WhiteTitle "GM"]
[BlackTitle "IM"]
[WhiteElo "2527"]
[BlackElo "2402"]
[WhiteTeam "BAN"]
[BlackTeam "QAT"]
[WhiteFideId "10200037"]
[BlackFideId "12100293"]
[EventDate "2010.11.18"]

1. d4 d5 2. Nf3 Nf6 3. c4 e6 4. g3 Bb4+ 5. Bd2 Bd6 6. Bg2 c6 7. Nc3 dxc4 8. Bg5
Nbd7 9. Nd2 Nb6 10. O-O O-O 11. e3 e5 12. Nde4 exd4 13. Bxf6 gxf6 14. exd4 Be7
15. Re1 f5 16. Nd2 Bf6 17. Nf3 Be6 18. Qd2 Bg7 19. Ne5 Qf6 20. Ne2 Rfd8 21. Rad1
Rd6 22. Qa5 Qd8 23. Rc1 Bh6 24. Rb1 Nd7 25. Qa4 Nxe5 26. dxe5 Rd2 27. b3 Qd3 28.
Bf1 b5 29. Qa5 cxb3 30. axb3 Bd5 31. Qc3 Qe4 0-1

[Event "16th Asian Games Team Men"]
[Site "Guangzhou CHN"]
[Date "2010.11.22"]
[Round "5"]
[White "Al-Saffar, Araz Basim Mohammed S"]
[Black "Battulga, Namkhai"]
[Result "1-0"]
[WhiteTitle "IM"]
[BlackTitle "FM"]
[WhiteElo "2349"]
[BlackElo "2428"]
[WhiteTeam "IRQ"]
[BlackTeam "MGL"]
[WhiteFideId "4801040"]
[BlackFideId "4900880"]
[EventDate "2010.11.18"]

1. d4 d5 2. c4 c6 3. Nf3 Nf6 4. cxd5 cxd5 5. Nc3 Nc6 6. Bf4 Qb6 7. Qb3 Qxb3 8.
axb3 Bd7 9. e3 Nb4 10. Kd2 a6 11. Be2 Rc8 12. Rhc1 Nh5 13. Bg5 h6 14. Bh4 g5 15.
Ne5 Nf6 16. Bg3 Bg7 17. Nd3 Nxd3 18. Bxd3 O-O 19. b4 Rfd8 20. b5 axb5 21. Ra7 b4
22. Na2 Rxc1 23. Nxc1 Bc6 24. Na2 b3 25. Nc1 Ne4+ 26. Ke2 Nxg3+ 27. hxg3 e5 28.
Nxb3 e4 29. Bc2 Rc8 30. Kd1 b6 31. Ra6 Rb8 32. Nc1 Bf8 33. Bb3 Bb4 34. Na2 Ba5
35. Bc2 Bb5 36. Ra7 Rc8 37. b4 Be2+ 38. Kd2 Bxb4+ 39. Nxb4 Bc4 40. Rd7 Ra8 41.
Nxd5 Ra2 42. Nf6+ Kg7 43. Nxe4 Bb3 44. Rc7 b5 45. Kc1 Bc4 46. Nd6 Ra1+ 47. Kb2
Rf1 48. Nxc4 bxc4 49. f3 Rf2 50. Rxc4 Rxg2 51. d5 h5 52. Rd4 Kf8 53. d6 Ke8 54.
Kc3 Rxg3 55. Ba4+ 1-0

[Event "16th Asian Games Team Men"]
[Site "Guangzhou CHN"]
[Date "2010.11.22"]
[Round "5"]
[White "Gundavaa, Bayarsaikhan"]
[Black "Al-Ali, Hussein Ali Hussein"]
[Result "1-0"]
[BlackTitle "FM"]
[WhiteElo "2472"]
[BlackElo "2363"]
[WhiteTeam "MGL"]
[BlackTeam "IRQ"]
[WhiteFideId "4901045"]
[BlackFideId "4800192"]
[EventDate "2010.11.18"]

1. d4 Nf6 2. c4 e6 3. g3 Bb4+ 4. Bd2 Bxd2+ 5. Qxd2 O-O 6. Bg2 d6 7. Nc3 Qe7 8.
Nf3 Re8 9. O-O e5 10. e4 c6 11. Nh4 Na6 12. Rae1 Qc7 13. f4 exd4 14. Qxd4 Qb6
15. Qxb6 axb6 16. Rd1 Be6 17. b3 Nb4 18. Rf2 Ra3 19. Rxd6 Rea8 20. Rfd2 Kf8 21.
f5 Ne8 22. Rd8 Rxd8 23. Rxd8 Bxc4 24. Nb1 Rxa2 25. bxc4 Ra1 26. Rd1 Nd6 27. Rxd6
Rxb1+ 28. Bf1 Ke8 29. e5 Na6 30. f6 g6 31. e6 fxe6 32. Rxe6+ Kf7 33. Rd6 Nc5 34.
Nf3 Ne6 35. Rd7+ Kxf6 36. Rxb7 h5 37. Rd7 c5 38. Kf2 g5 39. h4 g4 40. Nd2 Rb2
41. Ke3 Nd4 42. Bd3 Ra2 43. Rd6+ Ke5 44. Rd5+ Ke6 45. Rxh5 Ra1 46. Rh6+ Ke5 47.
Nb1 Ne6 48. Rh5+ Kd6 49. Nc3 Re1+ 50. Kf2 1-0

[Event "16th Asian Games Team Men"]
[Site "Guangzhou CHN"]
[Date "2010.11.22"]
[Round "5"]
[White "Ahmed, Abdul Sattar Wahab"]
[Black "Munkhgal, Gombosuren"]
[Result "1/2-1/2"]
[WhiteTitle "FM"]
[WhiteElo "2309"]
[BlackElo "2316"]
[WhiteTeam "IRQ"]
[BlackTeam "MGL"]
[WhiteFideId "4801849"]
[BlackFideId "4901266"]
[EventDate "2010.11.18"]

1. e4 e6 2. d4 d5 3. Nc3 Bb4 4. e5 c5 5. a3 Bxc3+ 6. bxc3 Ne7 7. Nf3 b6 8. Bb5+
Bd7 9. Bd3 Nbc6 10. O-O Qc7 11. Re1 Na5 12. a4 cxd4 13. cxd4 Nc4 14. Nd2 Ng6 15.
Bxc4 dxc4 16. Ba3 f5 17. exf6 gxf6 18. Ne4 Kf7 19. d5 e5 20. Qf3 Qd8 21. Ng5+
Kg7 22. Ne6+ Bxe6 23. dxe6 Qc7 24. Rad1 Rad8 25. h4 Nxh4 26. Qg4+ Ng6 27. Rd7+
Rxd7 28. exd7 Qc6 29. Rd1 h5 30. Qf5 Nf4 31. f3 Ne2+ 32. Kf2 Nd4 33. Rxd4 exd4
34. Be7 d3 35. c3 a6 36. d8=Q Rxd8 37. Bxd8 Qd6 38. Bxf6+ Qxf6 39. Qxh5 Qxc3 40.
Qg5+ Kf7 41. Qd5+ Kg7 42. Qg5+ Kf8 43. Qd8+ Kf7 44. Qd5+ Kg6 45. Qe4+ Kf6 46.
Qc6+ Kg7 47. Qd7+ Kg6 48. Qe8+ Kh6 49. Qe6+ Kh7 50. Qf5+ Kg8 51. Qe6+ Kf8 52.
Qd6+ Ke8 53. Qe6+ Kf8 54. Qd6+ 1/2-1/2

[Event "16th Asian Games Team Men"]
[Site "Guangzhou CHN"]
[Date "2010.11.22"]
[Round "5"]
[White "Ahmed, Fuad"]
[Black "Lee, Kiyul"]
[Result "1/2-1/2"]
[WhiteElo "1830"]
[BlackElo "1945"]
[WhiteTeam "MDV"]
[BlackTeam "KOR"]
[WhiteFideId "16700023"]
[BlackFideId "13200054"]
[EventDate "2010.11.18"]

1. d4 d5 2. c4 c6 3. Nc3 Nf6 4. Nf3 e6 5. Bg5 Be7 6. e3 Nbd7 7. Bd3 O-O 8. O-O
dxc4 9. Bxc4 b5 10. Bd3 Bb7 11. Re1 a6 12. e4 h6 13. Bxf6 Nxf6 14. e5 Nd7 15.
Qe2 c5 16. d5 b4 17. dxe6 fxe6 18. Be4 Bxe4 19. Nxe4 Qc7 20. Qc4 Qc6 21. Rad1
Nb6 22. Qc2 Nd5 23. Qc4 Rfd8 24. Ng3 Rf8 25. Nd4 Qb6 26. Nxe6 Qxe6 27. Qxd5 Qxd5
28. Rxd5 c4 29. Ne4 Rac8 30. Rc1 Rfd8 31. Rxd8+ Rxd8 32. f3 Rd5 33. Rxc4 Rxe5
34. a3 bxa3 35. bxa3 a5 36. a4 Rd5 37. Rc1 Rd3 38. Rc4 Rd5 39. Rc1 Rd3 40. Ra1 1/2-1/2

[Event "16th Asian Games Team Men"]
[Site "Guangzhou CHN"]
[Date "2010.11.22"]
[Round "5"]
[White "Al Qudaimi, Basheer"]
[Black "Ahmed, Al Khatib"]
[Result "1-0"]
[WhiteTitle "IM"]
[WhiteElo "2406"]
[BlackElo "1976"]
[WhiteTeam "YEM"]
[BlackTeam "JOR"]
[WhiteFideId "9400346"]
[BlackFideId "8103178"]
[EventDate "2010.11.18"]

1. e4 c5 2. Ne2 Nc6 3. d4 cxd4 4. Nxd4 g6 5. Nxc6 bxc6 6. Qd4 Nf6 7. Nc3 Bg7 8.
e5 Nd5 9. Nxd5 cxd5 10. Qxd5 Rb8 11. Bc4 O-O 12. O-O Bb7 13. Qd4 a6 14. Bf4 d6
15. Rfe1 Qc8 16. Rad1 dxe5 17. Bxe5 Bxe5 18. Rxe5 Qc6 19. Bf1 e6 20. Rc5 Qb6 21.
Rc4 Qa5 22. Ra4 Qc7 23. Qd6 Qxc2 24. Rb4 Qc6 25. b3 a5 26. Rb5 Ra8 27. Qe7 Ba6
28. Rc5 Qb6 29. Bxa6 Qxa6 30. Re5 Qa7 31. Rd7 Qxd7 32. Qxd7 Rad8 33. Qb5 Rd1+
34. Qf1 Rxf1+ 35. Kxf1 Ra8 36. a4 Rb8 37. Rb5 Ra8 38. Ke2 Kf8 39. g4 h6 40. Kd3
Ke7 41. Rb7+ Kf6 42. Kc4 Rc8+ 43. Kb5 Rc2 44. Kxa5 Rxf2 45. b4 e5 46. b5 e4 47.
Rc7 Ke5 48. b6 f5 49. Rc5+ Kd4 50. Rb5 fxg4 51. b7 Rf8 52. b8=Q Rxb8 53. Rxb8 e3
54. Re8 h5 55. Kb4 h4 56. Rd8+ Ke5 57. a5 g3 58. hxg3 hxg3 59. a6 Kf4 60. Rd1 e2
61. Ra1 1-0

[Event "16th Asian Games Team Men"]
[Site "Guangzhou CHN"]
[Date "2010.11.22"]
[Round "5"]
[White "Alshoha, Basel"]
[Black "Al-Hadarani, Hatim"]
[Result "0-1"]
[BlackTitle "FM"]
[WhiteElo "2106"]
[BlackElo "2266"]
[WhiteTeam "JOR"]
[BlackTeam "YEM"]
[WhiteFideId "8101914"]
[BlackFideId "9400273"]
[EventDate "2010.11.18"]

1. e4 c5 2. Nf3 Nc6 3. d4 cxd4 4. Nxd4 Qb6 5. Nb3 e6 6. Be3 Qc7 7. Bd3 Nf6 8.
O-O Ne5 9. h3 d5 10. Nc3 dxe4 11. Nxe4 Nxd3 12. Nxf6+ gxf6 13. Qxd3 b6 14. Nd4
a6 15. Rad1 Bb7 16. Bf4 e5 17. Nf5 Rg8 18. f3 Bc8 19. Rfe1 Be6 20. Be3 Qc8 21.
Nd6+ Bxd6 22. Qxd6 Bxh3 23. Qxf6 Qe6 24. Qxe6+ fxe6 25. Rd2 b5 26. Bc5 Rd8 27.
Rxd8+ Kxd8 28. g4 h5 29. Kh2 hxg4 30. Kg3 Kd7 31. Rxe5 Rg6 32. c3 Kc6 33. Bd4
Kd6 34. a4 gxf3+ 35. Kxf3 bxa4 36. Ra5 Bf1 37. Be5+ Kc6 38. Rxa4 Bb5 39. Rd4 Kb7
40. b4 Bc6+ 41. Kf4 Rg1 42. Rd8 Rf1+ 43. Kg3 Rf5 44. Bd4 e5 45. Bc5 Rf3+ 46. Kg4
Rxc3 47. Rh8 Bd7+ 48. Kg5 Rf3 49. Rh7 Kc8 50. Re7 Rf5+ 51. Kh4 Kc7 52. Kg3 Kc6
53. Rh7 Be6 54. Ra7 Bc4 55. Rh7 Be6 56. Ra7 Bc4 57. Rh7 e4 58. Rh6+ Kd5 59. Kg4
Rf1 60. Rh5+ Kc6 61. Rh6+ Kb5 62. Rb6+ Ka4 63. Rb7 Kb3 64. Re7 Bd3 65. Kg3 Kc2
66. Kg2 Kb3 67. Kg3 Kc2 68. Kg2 Rf5 69. Be3 Kd1 70. Bf2 Ke2 71. Bd4 Rg5+ 72. Kh3
Rb5 73. Bc3 Rg5 74. Bd4 Kd2 75. Bg7 Rb5 76. Rc7 e3 77. Bc3+ Kd1 78. Kg3 e2 79.
Rd7 Kc2 80. Be1 Rf5 81. Bf2 Re5 82. Be1 Rf5 83. Bf2 Rf6 84. Rd8 Kd2 85. Re8 Rf5
86. Be3+ Kd1 87. Bf2 Kc2 88. Rc8+ Kb3 89. Rd8 Bc4 90. Rb8 Bb5 91. Rd8 Kxb4 92.
Rd4+ Kc3 93. Re4 Bd3 94. Rf4 Rb5 95. Be1+ Kc2 96. Ra4 Rf5 97. Ra2+ Kb3 98. Rd2
Bc4 99. Bf2 a5 100. Rd8 a4 101. Rb8+ Bb5 102. Be1 a3 103. Kg4 Rd5 104. Kf3 a2
105. Ra8 Rd1 0-1

[Event "16th Asian Games Team Men"]
[Site "Guangzhou CHN"]
[Date "2010.11.23"]
[Round "6"]
[White "Akylbekov, Nasyr"]
[Black "Zhou, Jianchao"]
[Result "0-1"]
[BlackTitle "GM"]
[WhiteElo "2376"]
[BlackElo "2669"]
[WhiteTeam "KGZ"]
[BlackTeam "CHN"]
[WhiteFideId "13800353"]
[BlackFideId "8603537"]
[EventDate "2010.11.18"]

1. e4 c5 2. Nf3 d6 3. d4 cxd4 4. Nxd4 Nf6 5. Nc3 a6 6. Bc4 e6 7. Be3 b5 8. Bb3
Be7 9. f3 O-O 10. Qd2 Bb7 11. Nce2 Nbd7 12. g4 Ne5 13. O-O-O Nfd7 14. g5 Nc5 15.
Kb1 a5 16. Nc3 a4 17. Ncxb5 axb3 18. axb3 Nxf3 19. Qe2 Qa5 20. Na3 Nxe4 0-1

[Event "16th Asian Games Team Men"]
[Site "Guangzhou CHN"]
[Date "2010.11.23"]
[Round "6"]
[Black "Filippov, Anton UZB"]
[White "Antonio, Rogelio Jr"]
[Result "1-0"]
[WhiteTitle "GM"]
[BlackTitle "GM"]
[WhiteElo "2573"]
[BlackElo "2620"]
[WhiteTeam "PHI"]
[BlackTeam "UZB"]
[WhiteFideId "5200032"]
[BlackFideId "14200988"]
[EventDate "2010.11.18"]

1. e4 e6 2. d4 d5 3. Nc3 Bb4 4. e5 c5 5. a3 Bxc3+ 6. bxc3 Ne7 7. h4 Bd7 8. h5 h6
9. Qg4 Qa5 10. Bd2 Nbc6 11. Nf3 O-O-O 12. a4 g5 13. Bb5 c4 14. O-O Ng8 15. Bxc6
Bxc6 16. Nh2 Bd7 17. Qf3 Rf8 18. Ng4 f5 19. exf6 Nxf6 20. Ne5 Be8 21. Qh3 Qa6
22. g4 Nd7 23. Qe3 Rf4 24. f3 Rhf8 25. Kg2 Qd6 26. a5 Nb8 27. Bc1 Qc7 28. Ng6
R8f6 29. Qe5 Qf7 30. Bxf4 Nc6 31. Qc7+ Qxc7 32. Bxc7 Kxc7 33. Ne5 Rf4 34. Kg3
Nxe5 35. dxe5 d4 36. cxd4 Bc6 37. c3 Bd5 38. Rf2 Kc6 39. Rb1 Kc7 40. Rb5 Kc6 41.
Rc5+ Kd7 42. Rf1 Be4 43. fxe4 Rxf1 44. Rxc4 Rg1+ 45. Kf3 Rf1+ 46. Ke3 Re1+ 47.
Kd3 b6 48. axb6 axb6 49. Ra4 Rg1 50. Ra7+ Kd8 51. Rh7 Rg3+ 52. Kc4 Rxg4 53. Rxh6
Ke7 54. Rh7+ Kf8 55. h6 Rxe4 56. Rb7 Rh4 57. h7 g4 58. Kb5 Rh3 59. d5 g3 60.
Rb8+ Kg7 61. dxe6 Rh5 62. e7 1-0

[Event "16th Asian Games Team Men"]
[Site "Guangzhou CHN"]
[Date "2010.11.23"]
[Round "6"]
[White "Barsov, Alexei"]
[Black "Gomez, John Paul"]
[Result "0-1"]
[WhiteTitle "GM"]
[BlackTitle "GM"]
[WhiteElo "2507"]
[BlackElo "2522"]
[WhiteTeam "UZB"]
[BlackTeam "PHI"]
[WhiteFideId "14200082"]
[BlackFideId "5201381"]
[EventDate "2010.11.18"]

1. d4 d5 2. c4 c6 3. cxd5 cxd5 4. Nc3 Nc6 5. e4 Nf6 6. e5 Ne4 7. Nge2 Bf5 8. Ng3
Nxg3 9. hxg3 e6 10. g4 Bg6 11. a3 Qb6 12. Bb5 Be7 13. Be3 Rc8 14. O-O a6 15. Bd3
Bxd3 16. Qxd3 Na5 17. b4 Nc4 18. f4 h5 19. gxh5 Rxh5 20. Ne2 g6 21. Kf2 Kd7 22.
Rh1 Rch8 23. Rxh5 Rxh5 24. Bd2 Qd8 25. Rg1 Rh2 26. Bc1 Qh8 27. Qf3 b5 28. Kf1
Kc6 29. Kf2 Qh7 30. Kf1 Qh4 31. Ng3 a5 32. bxa5 Bxa3 33. Ke2 Bb4 34. a6 Kb6 35.
Qb3 Kxa6 36. Kf3 Ba5 37. Be3 Qd8 38. Ra1 Rh8 39. Ne2 Qb6 40. Nc1 Rh1 41. Ra2
Rf1+ 42. Kg3 Re1 43. Ne2 Kb7 44. Kf2 Rh1 45. Ng3 Rh8 46. Ne2 Rc8 47. Kg3 Be1+
48. Kg4 Ra8 49. Rxa8 Kxa8 50. Bg1 Kb7 51. Nc1 Qa5 52. Nd3 Kc6 53. Qb1 Bc3 54.
Kg5 Nd2 55. Qc1 Ne4+ 56. Kh6 Kd7 57. Kg7 Ke7 58. f5 gxf5 59. Be3 Qa1 60. Qc2 Qa4
61. Qc1 b4 62. Bg5+ Ke8 63. Bf6 Kd7 64. Kxf7 Qa8 65. Qc2 Qe8+ 66. Kg7 Qa8 67.
Kf7 Bxd4 68. Nxb4 Bc5 69. Nd3 Qe8+ 70. Kg7 Bf8+ 71. Kg8 Nxf6+ 72. exf6 Be7+ 73.
Kg7 Qf8+ 74. Kh7 Qf7+ 75. Kh6 Qxf6+ 76. Kh7 Qh4+ 77. Kg6 Qg4+ 78. Kf7 Qh5+ 79.
Kg7 Qg5+ 80. Kh7 Bd6 81. Qa4+ Ke7 82. Qa7+ Kf6 83. Qd7 Be7 0-1